Normal view
MARC view
- Abdullah Rasheed
Entry Personal Name
001 - CONTROL NUMBER
- control field: 15607
003 - CONTROL NUMBER IDENTIFIER
- control field: NUST
005 - DATE AND TIME OF LATEST TRANSACTION
- control field: 20190626070808.0
008 - FIXED-LENGTH DATA ELEMENTS
- fixed length control field: 190626|| aca||aabn | a|a d
040 ## - CATALOGING SOURCE
- Original cataloging agency: NUST
- Transcribing agency: NUST
100 ## - HEADING--PERSONAL NAME
- Personal name: Abdullah Rasheed
670 ## - SOURCE DATA FOUND
- Source citation: Work cat.: (NUST): Abdullah Rasheed, Stabilization of 3D Pavement Images for Potholes Metrology using Kalman Filter/, 2017.
